000
00301nam a22001337a 4500
008
260420b ||||| |||| 00| 0 eng d
020
_a
9789951623049
041
_a
Shqip
080
_a
0.892
100
_a
32
101
_a
juridik
245
_a
E drejta Biznesore
_c
Armand Krasniqi
942
_2
udc
_c
BK
999
_c
60984
_d
60984